{"text_format":"3","workbook":"xlsx","n_sheets":1,"sheets":["t204"],"read":"whole","date_system":"1900"}

{"sheet":"t204","index":0,"n_rows":147,"n_cols":7,"rows_kept":147,"merged":[[0,0,0,6],[30,0,30,5],[43,0,43,5],[130,0,130,5]]}
["TABELA 204.1 - Estatísticas Agrícolas, Município de Guarani d'Oeste, Estado de São Paulo, 2007/08."]
["ITEM","UNIDADE","N.DE UPAs","MÍNIMO","MÉDIO","MÁXIMO","TOTAL"]
["Distância à sede do município","km",123,0.1,{"v":3.86,"d":"3.9"},{"v":9,"d":"9.0"},"-"]
["Área total","hectare",123,2.4,{"v":61.92,"d":"61.9"},713.9,{"v":7615.7,"d":"7,615.7"}]
["Área com cultura perene","hectare",8,1.8,{"v":12.35,"d":"12.4"},33.8,98.8]
["Área com cultura temporária","hectare",60,0.1,10.4,142.2,624.2]
["Área com pastagem","hectare",119,1.2,{"v":51.73,"d":"51.7"},632.9,{"v":6155.6,"d":"6,155.6"}]
["Área com reflorestamento","hectare",14,0.1,{"v":1.46,"d":"1.5"},4.8,20.4]
["Área com vegetação natural","hectare",48,0.3,{"v":7.29,"d":"7.3"},48.4,{"v":350,"d":"350.0"}]
["Área com vegetação de brejo e várzea","hectare",81,0.2,{"v":3.36,"d":"3.4"},28.6,272.1]
["Área em descanso","hectare",1,16.9,16.9,16.9,16.9]
["Área complementar","hectare",110,0.1,{"v":0.71,"d":"0.7"},{"v":5,"d":"5.0"},77.7]
["Área das UPAs com (0, 1] ha","hectare","-","-","-","-","-"]
["Área das UPAs com (1, 2] ha","hectare","-","-","-","-","-"]
["Área das UPAs com (2, 5] ha","hectare",6,2.4,{"v":3.45,"d":"3.5"},4.8,20.7]
["Área das UPAs com (5, 10] ha","hectare",12,5.4,{"v":7.51,"d":"7.5"},9.7,90.1]
["Área das UPAs com (10, 20] ha","hectare",32,10.8,15.2,19.3,486.3]
["Área das UPAs com (20, 50] ha","hectare",38,{"v":24,"d":"24.0"},{"v":32.12,"d":"32.1"},48.4,{"v":1220.7,"d":"1,220.7"}]
["Área das UPAs com (50, 100] ha","hectare",14,50.8,{"v":65.61,"d":"65.6"},{"v":99,"d":"99.0"},918.5]
["Área das UPAs com (100, 200] ha","hectare",14,106.4,{"v":139.14,"d":"139.1"},{"v":196,"d":"196.0"},{"v":1947.9,"d":"1,947.9"}]
["Área das UPAs com (200, 500] ha","hectare",4,210.5,247.9,271.8,991.6]
["Área das UPAs com (500, 1.000] ha","hectare",3,{"v":605,"d":"605.0"},{"v":646.63,"d":"646.6"},713.9,{"v":1939.9,"d":"1,939.9"}]
["Área das UPAs com (1.000, 2.000] ha","hectare","-","-","-","-","-"]
["Área das UPAs com (2.000, 5.000] ha","hectare","-","-","-","-","-"]
["Área das UPAs com (5.000, 10.000] ha","hectare","-","-","-","-","-"]
["Área das UPAs acima de 10.000 ha","hectare","-","-","-","-","-"]
["Familiares do proprietário que trabalham na UPA","unidade",120,{"v":1,"d":"1.0"},{"v":1.37,"d":"1.4"},{"v":4,"d":"4.0"},{"v":164,"d":"164.0"}]
["Trabalhadores permanentes","unidade",46,{"v":1,"d":"1.0"},{"v":1.13,"d":"1.1"},{"v":2,"d":"2.0"},{"v":52,"d":"52.0"}]
["Fonte: Secretaria de Agricultura e Abastecimento, CDRS/IEA, Projeto LUPA."]
[]
["TABELA 204.2 - Explorações Animais, Município de Guarani d'Oeste, Estado de São Paulo, 2007/08."]
["ITEM","UNIDADE","N.DE UPAs","MÍNIMO","MÉDIO","MÁXIMO","TOTAL"]
["Apicultura","colmeias",1,{"v":6,"d":"6.0"},{"v":6,"d":"6.0"},{"v":6,"d":"6.0"},{"v":6,"d":"6.0"}]
["Asininos E Muares","cabeças",4,{"v":1,"d":"1.0"},1.5,{"v":2,"d":"2.0"},{"v":6,"d":"6.0"}]
["Bovinocultura de Corte","cabeças",3,{"v":30,"d":"30.0"},{"v":156.67,"d":"156.7"},{"v":390,"d":"390.0"},{"v":470,"d":"470.0"}]
["Bovinocultura Leiteira","cabeças",3,{"v":22,"d":"22.0"},{"v":59.67,"d":"59.7"},{"v":130,"d":"130.0"},{"v":179,"d":"179.0"}]
["Bovinocultura Mista","cabeças",109,{"v":4,"d":"4.0"},{"v":90.91,"d":"90.9"},{"v":827,"d":"827.0"},{"v":9909,"d":"9,909.0"}]
["Equinocultura","cabeças",68,{"v":1,"d":"1.0"},{"v":3.12,"d":"3.1"},{"v":26,"d":"26.0"},{"v":212,"d":"212.0"}]
["Outra Exploração Animal","cabeças",22,{"v":10,"d":"10.0"},{"v":34.32,"d":"34.3"},{"v":100,"d":"100.0"},{"v":755,"d":"755.0"}]
["Ovinocultura","cabeças",12,{"v":2,"d":"2.0"},{"v":15.58,"d":"15.6"},{"v":40,"d":"40.0"},{"v":187,"d":"187.0"}]
["Suinocultura","cabeças",22,{"v":5,"d":"5.0"},{"v":13.23,"d":"13.2"},{"v":40,"d":"40.0"},{"v":291,"d":"291.0"}]
["Fonte: Secretaria de Agricultura e Abastecimento, CDRS/IEA, Projeto LUPA."]
[]
["TABELA 204.3 -  Máquinas, Implementos e Benfeitorias, Município de Guarani d'Oeste, Estado de São Paulo, 2007/08."]
["ITEM","UNIDADE","N.DE UPAs","MÍNIMO","MÉDIO","MÁXIMO","TOTAL"]
["Arado Comum (Bacia, Aiveca)","Unidade",29,{"v":1,"d":"1.0"},{"v":1.07,"d":"1.1"},{"v":2,"d":"2.0"},{"v":31,"d":"31.0"}]
["Arado Escarificador","Unidade",5,{"v":1,"d":"1.0"},1.4,{"v":2,"d":"2.0"},{"v":7,"d":"7.0"}]
["Arado Subsolador","Unidade",14,{"v":1,"d":"1.0"},{"v":1,"d":"1.0"},{"v":1,"d":"1.0"},{"v":14,"d":"14.0"}]
["Batedeira de Cereais","Unidade",3,{"v":1,"d":"1.0"},{"v":1,"d":"1.0"},{"v":1,"d":"1.0"},{"v":3,"d":"3.0"}]
["Colhedeira Acoplada","Unidade",3,{"v":1,"d":"1.0"},{"v":1,"d":"1.0"},{"v":1,"d":"1.0"},{"v":3,"d":"3.0"}]
["Computador","Unidade",6,{"v":1,"d":"1.0"},{"v":1,"d":"1.0"},{"v":1,"d":"1.0"},{"v":6,"d":"6.0"}]
["Conj.Irrigação Convencional","Unidade",2,{"v":1,"d":"1.0"},{"v":1,"d":"1.0"},{"v":1,"d":"1.0"},{"v":2,"d":"2.0"}]
["Conj.Irrigação/Gotejamento/Microaspersão","Unidade",2,{"v":1,"d":"1.0"},{"v":1,"d":"1.0"},{"v":1,"d":"1.0"},{"v":2,"d":"2.0"}]
["Desintegrador, Picador, Triturador","Unidade",61,{"v":1,"d":"1.0"},{"v":1.02,"d":"1.0"},{"v":2,"d":"2.0"},{"v":62,"d":"62.0"}]
["Distribuidor de Calcário","Unidade",17,{"v":1,"d":"1.0"},{"v":1,"d":"1.0"},{"v":1,"d":"1.0"},{"v":17,"d":"17.0"}]
["Ensiladeira","Unidade",27,{"v":1,"d":"1.0"},{"v":1,"d":"1.0"},{"v":1,"d":"1.0"},{"v":27,"d":"27.0"}]
["Grade Aradora (Tipo Romi)","Unidade",18,{"v":1,"d":"1.0"},{"v":1.11,"d":"1.1"},{"v":2,"d":"2.0"},{"v":20,"d":"20.0"}]
["Grade Niveladora","Unidade",26,{"v":1,"d":"1.0"},{"v":1.08,"d":"1.1"},{"v":2,"d":"2.0"},{"v":28,"d":"28.0"}]
["Implementos para Tração Animal","Unidade",20,{"v":1,"d":"1.0"},1.8,{"v":11,"d":"11.0"},{"v":36,"d":"36.0"}]
["Misturador de Ração","Unidade",2,{"v":1,"d":"1.0"},{"v":1,"d":"1.0"},{"v":1,"d":"1.0"},{"v":2,"d":"2.0"}]
["Ordenhadeira Mecânica","Unidade",8,{"v":1,"d":"1.0"},{"v":1,"d":"1.0"},{"v":1,"d":"1.0"},{"v":8,"d":"8.0"}]
["Pulverizador Tratorizado","Unidade",12,{"v":1,"d":"1.0"},{"v":1.08,"d":"1.1"},{"v":2,"d":"2.0"},{"v":13,"d":"13.0"}]
["Resfriador de Leite, Tanque Expansão","Unidade",22,{"v":1,"d":"1.0"},{"v":1,"d":"1.0"},{"v":1,"d":"1.0"},{"v":22,"d":"22.0"}]
["Semeadeira/Adubadeira para Plantio Convencional","Unidade",20,{"v":1,"d":"1.0"},{"v":1,"d":"1.0"},{"v":1,"d":"1.0"},{"v":20,"d":"20.0"}]
["Terraceador","Unidade",8,{"v":1,"d":"1.0"},{"v":1,"d":"1.0"},{"v":1,"d":"1.0"},{"v":8,"d":"8.0"}]
["Trator de Pneus","Unidade",36,{"v":1,"d":"1.0"},{"v":1.42,"d":"1.4"},{"v":3,"d":"3.0"},{"v":51,"d":"51.0"}]
["Açude/Represa","Unidade",58,{"v":1,"d":"1.0"},{"v":1.34,"d":"1.3"},{"v":4,"d":"4.0"},{"v":78,"d":"78.0"}]
["Almoxarifado/Oficina","Unidade",8,{"v":1,"d":"1.0"},{"v":1,"d":"1.0"},{"v":1,"d":"1.0"},{"v":8,"d":"8.0"}]
["Armazém para Grãos Ensacados","Sacas",6,{"v":1,"d":"1.0"},{"v":317.33,"d":"317.3"},{"v":1000,"d":"1,000.0"},{"v":1904,"d":"1,904.0"}]
["Balança para Bovinos","Unidade",2,{"v":1,"d":"1.0"},{"v":1,"d":"1.0"},{"v":1,"d":"1.0"},{"v":2,"d":"2.0"}]
["Barracão/Galpão/Garagem","Unidade",46,{"v":1,"d":"1.0"},{"v":1.07,"d":"1.1"},{"v":2,"d":"2.0"},{"v":49,"d":"49.0"}]
["Casa de Moradia Habitada","Unidade",94,{"v":1,"d":"1.0"},{"v":1.24,"d":"1.2"},{"v":4,"d":"4.0"},{"v":117,"d":"117.0"}]
["Casa de Moradia Total","Unidade",96,{"v":1,"d":"1.0"},1.4,{"v":4,"d":"4.0"},{"v":134,"d":"134.0"}]
["Curral/Mangueira","Unidade",101,{"v":1,"d":"1.0"},{"v":1.05,"d":"1.1"},{"v":3,"d":"3.0"},{"v":106,"d":"106.0"}]
["Depósito/Tulha","Unidade",74,{"v":1,"d":"1.0"},{"v":1.05,"d":"1.1"},{"v":3,"d":"3.0"},{"v":78,"d":"78.0"}]
["Pocilga","Unidade",2,{"v":1,"d":"1.0"},{"v":1,"d":"1.0"},{"v":1,"d":"1.0"},{"v":2,"d":"2.0"}]
["Poço Semi-Artesiano","Unidade",20,{"v":1,"d":"1.0"},1.3,{"v":3,"d":"3.0"},{"v":26,"d":"26.0"}]
["Silo para Silagem","t",20,{"v":1,"d":"1.0"},{"v":84.75,"d":"84.8"},{"v":350,"d":"350.0"},{"v":1695,"d":"1,695.0"}]
["Terreiro","m²",4,{"v":1,"d":"1.0"},{"v":150.25,"d":"150.3"},{"v":400,"d":"400.0"},{"v":601,"d":"601.0"}]
["Fonte: Secretaria de Agricultura e Abastecimento, CDRS/IEA, Projeto LUPA."]
[]
["TABELA 204.4 - Outras Estatísticas Agrícolas, Município de Guarani d'Oeste, Estado de São Paulo, 2007/08."]
["ITEM","Número de UPAs",null,"Percentual"]
["Faz Parte de Associação de Produtores",67,null,{"v":54.47154471544715,"d":"54.5"}]
["Faz Parte de Cooperativa de Produtores",18,null,{"v":14.634146341463415,"d":"14.6"}]
["Faz Parte do Sindicato de Produtores",16,null,{"v":13.008130081300813,"d":"13.0"}]
["Não utiliza assistência técnica ",2,null,{"v":1.6260162601626016,"d":"1.6"}]
["Utiliza somente assistência técnica governamental ",94,null,{"v":76.42276422764228,"d":"76.4"}]
["Utiliza somente assistência técnica privada ",2,null,{"v":1.6260162601626016,"d":"1.6"}]
["Utiliza assistência técnica tanto governamental quanto privada",25,null,{"v":20.32520325203252,"d":"20.3"}]
["Utiliza Crédito Rural",22,null,{"v":17.88617886178862,"d":"17.9"}]
["Utiliza Seguro Rural",5,null,{"v":4.065040650406504,"d":"4.1"}]
["Utiliza Escrituração Agrícola",29,null,{"v":23.577235772357724,"d":"23.6"}]
["Acessa Internet p/ Fins na Agropecuária",18,null,{"v":14.634146341463415,"d":"14.6"}]
["Utiliza Computador nas Atividades Agropecuárias",7,null,{"v":5.691056910569106,"d":"5.7"}]
["Utiliza Energia Elétrica Para Uso na Atividade Agrícola",111,null,{"v":90.24390243902438,"d":"90.2"}]
["Realiza Análise de Solo, quando necessário",44,null,{"v":35.77235772357724,"d":"35.8"}]
["Utiliza Práticas de Conservação de Solo, quando necessário",119,null,{"v":96.7479674796748,"d":"96.7"}]
["Faz Adubação Mineral, quando necessário",87,null,{"v":70.73170731707317,"d":"70.7"}]
["Faz Adubação Orgânica, quando necessário",44,null,{"v":35.77235772357724,"d":"35.8"}]
["Faz Adubação Verde, quando necessário",3,null,{"v":2.4390243902439024,"d":"2.4"}]
["Utiliza Manejo Integrado de Pragas (MIP)",2,null,{"v":1.6260162601626016,"d":"1.6"}]
["Utiliza Hidroponia","-",null,"-"]
["Utiliza Plasticultura","-",null,"-"]
["Utiliza Mudas Fiscalizadas",7,null,{"v":5.691056910569106,"d":"5.7"}]
["Utiliza Semente Melhorada",38,null,{"v":30.89430894308943,"d":"30.9"}]
["Faz Confinamento de Bovinos",6,null,{"v":4.878048780487805,"d":"4.9"}]
["Utiliza Pastejo Intensivo",7,null,{"v":5.691056910569106,"d":"5.7"}]
["Faz Inseminação Artificial",12,null,{"v":9.75609756097561,"d":"9.8"}]
["Faz Mineralização do Rebanho",112,null,{"v":91.0569105691057,"d":"91.1"}]
["Faz Vermifugação do Rebanho",112,null,{"v":91.0569105691057,"d":"91.1"}]
["Possui Parceiros /Arrendatários na Exploração Animal",24,null,{"v":19.51219512195122,"d":"19.5"}]
["Esporte e lazer","-",null,"-"]
["Extração mineral","-",null,"-"]
["Hotel Fazenda, Pousada ou SPA","-",null,"-"]
["Pesque-pague","-",null,"-"]
["Restaurante ou Lanchonete","-",null,"-"]
["Transformação artesanal","-",null,"-"]
["Turismo rural ou ecoturismo","-",null,"-"]
["Outras atividades econômicas rurais","-",null,"-"]
["Agroindústria","-",null,"-"]
["Proprietário sem instrução ou com instrução incompleta",1,null,{"v":0.8130081300813008,"d":"0.8"}]
["Proprietário com antigo primário completo",45,null,{"v":36.58536585365854,"d":"36.6"}]
["Proprietário com 1° grau (ou antigo ginasial) completo",26,null,{"v":21.138211382113823,"d":"21.1"}]
["Proprietário com 2° grau (ou antigo colegial) completo",21,null,{"v":17.073170731707318,"d":"17.1"}]
["Proprietário com curso superior completo ",30,null,{"v":24.39024390243902,"d":"24.4"}]
["Pessoa Jurídica","-",null,"-"]
["Proprietário residente na própria UPA ",33,null,{"v":26.82926829268293,"d":"26.8"}]
["Fonte: Secretaria de Agricultura e Abastecimento, CDRS/IEA, Projeto LUPA."]
[]
["TABELA 204.5 - Área Cultivada, Município de Guarani d'Oeste, Estado de São Paulo, 2007/08."]
["CULTURA","N.DE UPAs","MÍNIMO","MÉDIO","MÁXIMO","TOTAL"]
["Braquiaria",110,1.6,{"v":38.26,"d":"38.3"},539.8,{"v":4208.8,"d":"4,208.8"}]
["Coloniao",26,2.2,{"v":74,"d":"74.0"},632.9,{"v":1924,"d":"1,924.0"}]
["Cana-de-acucar",34,0.1,{"v":10.49,"d":"10.5"},142.2,356.5]
["Milho",25,{"v":1,"d":"1.0"},{"v":8.29,"d":"8.3"},24.2,207.2]
["Laranja",2,16.2,{"v":25,"d":"25.0"},33.8,{"v":50,"d":"50.0"}]
["Milho-silagem",10,0.6,{"v":4.97,"d":"5.0"},9.7,49.7]
["Seringueira",4,4.8,{"v":11.25,"d":"11.3"},17.1,{"v":45,"d":"45.0"}]
["Eucalipto",14,0.1,{"v":1.46,"d":"1.5"},4.8,20.4]
["Sorgo-forrageiro",4,1.5,{"v":3.23,"d":"3.2"},4.8,12.9]
["Gramas",4,1.2,{"v":2.48,"d":"2.5"},{"v":4,"d":"4.0"},9.9]
["Sorgo",1,4.8,4.8,4.8,4.8]
["Coco-da-baia",2,1.8,1.9,{"v":2,"d":"2.0"},3.8]
["Mandioca",1,3.6,3.6,3.6,3.6]
["Feijao",1,2.4,2.4,2.4,2.4]
["Fonte: Secretaria de Agricultura e Abastecimento, CDRS/IEA, Projeto LUPA."]